| 000 | 01318nam a22003137i 4500 | ||
|---|---|---|---|
| 003 | EG-ScBUE | ||
| 005 | 20221127120409.0 | ||
| 008 | 220731s1992 ua f 000 0 ara d | ||
| 017 | _a92 / 3494 | ||
| 020 | _a9770701688 | ||
| 040 |
_aEG-ScBUE _bara _erda _cEG-ScBUE _dEG-ScBUE |
||
| 043 | _an-us--- | ||
| 082 | 0 | 4 |
_222 _a327.73 _bن ي ك |
| 100 | 1 |
_aنيكسون، ريتشارد، _d1913-1994، _eمؤلف. |
|
| 240 | 1 | 0 |
_aSeize the moment. _lArabic |
| 245 | 1 | 2 |
_aالفرصة السانحة : _bالتحديات التي تواجه أمريكا في عالم ليس به إلا قوة عظمى واحدة / _cريتشارد نيكسون ؛ ترجمة أحمد صدقي مراد. |
| 264 | 1 |
_a[القاهرة] : _bدار الهلال، _c[1992] |
|
| 300 |
_a215 صفحة ؛ _c24 سم |
||
| 336 |
_2rdacontent _aنص _btxt |
||
| 337 |
_2rdamedia _aبدون وسيط _bn |
||
| 338 |
_2rdacarrier _aمجلد _bnc |
||
| 541 | _aBook from store. | ||
| 546 | _aالنص باللغة العربية وتم ترجمته من اللغة الإنجليزية. | ||
| 651 | 7 |
_aالولايات المتحدة الأمريكية _xعلاقات خارجية. _2BUEsh |
|
| 653 |
_bGGEN _cNovember2022 |
||
| 655 | _vReading book | ||
| 700 | 1 |
_aمراد، أحمد صدقي، _eمترجم. |
|
| 942 | _2ddc | ||
| 999 |
_c30045 _d30016 |
||